| 000 | 00904nam a22001937a 4500 | ||
|---|---|---|---|
| 003 | BR-ViAPE | ||
| 005 | 20260423165829.0 | ||
| 008 | 260423s1954 pord gs||||s000 0 por d | ||
| 040 | _cBR-ViAPE | ||
| 110 |
_aEspírito Santo _bEstado |
||
| 245 |
_aMensagem apresentada a Assembleia Legislativa Estadual: _bpor ocasião da abertura da sessão legislativa de 1954 pelo Sr. Jones dos Santos Neves Governador do Estado |
||
| 260 |
_aEspírito Santo _b[s.n.] _c1954 |
||
| 300 |
_a416 p. _bDocumento digitalizado (PDF) |
||
| 500 | _aDocumento digitalizado do acervo institucional do Arquivo Público do Estado do Espírito Santo - APEES. | ||
| 650 |
_aAdministração pública _zEspírito Santo |
||
| 651 |
_aEspírito Santo _xAdministração pública |
||
| 856 |
_uhttps://ape.es.gov.br/Media/ape/PDF/Mensagens/Mensagem-2024/mensagem%201954-1.pdf _yCLIQUE AQUI PARA ACESSAR O DOCUMENTO |
||
| 942 |
_2ddc _cMSGREL _n1 |
||
| 999 |
_c577 _d577 |
||